| 000 | 00676nam a22001577a 4500 | ||
|---|---|---|---|
| 020 | _a978-1-7812-5919-1 | ||
| 082 |
_a154 _bGRE/L |
||
| 100 | _aGREENE ROBERT | ||
| 245 | _aTHE LAWS OF HUMAN NATURE | ||
| 246 |
_aTHE LAWS OF HUMAN NATURE _bTHE LAWS OF HUMAN NATURE |
||
| 260 |
_aLONDON _bPROFILE BOOKS LTD _c2018 |
||
| 300 | _a607 | ||
| 520 | _aThe Laws of Human Nature (2018) takes an in-depth look at the many aspects of the human condition that often go overlooked or unacknowledged. As author Robert Greene explains, we are all a bit narcissistic, irrational, short-sighted and prone to compulsive and aggressive behavior. | ||
| 650 | _aMOTIVATIONAL/SELF HELP | ||
| 942 | _cBK | ||
| 999 |
_c7021 _d7021 |
||